000 00616nam a2200241Ia 4500
003 OSt
005 20220924152420.0
006 a|||||r|||| 00| 0
007 ta
008 220923b |||||||| |||| 00| 0 mar d
020 _c4.00
024 _a342438
037 _cTextual
040 _aARTS
_cARTS
_bmar
041 _2mar
_amar
082 _aV235:1-8.M7, 155J9.1
100 _aDeshpande
_9207456
245 0 _aVidarbhatil aitinasik lekh sangrah
260 _c1959
650 _aHISTORY
942 _hV235:1-8.M7, 155J9.1
_cTEXL
_2CC
999 _c469772
_d469772